000 00881nam a2200205Ii 4500
003 JO-AjNU
008 230605s9999||||xx |||||||||||||| ||und||
040 _aJO-AjNU
_bara
_erda
_cJO-AjNU
041 _aara
050 1 4 _aBF128.J3822.2005
100 3 _aعبد الهادي،جودت عزت ، العزة،حسني سعيد,
_eauthor
_928530
245 0 0 _aتعديل السلوك الإنساني: دليل الاباء والمرشدين التربويين في القضايا التعليمية والنفسية والاجتماعية
250 _aط1 الاصدار الثاني
264 3 1 _aعمان:دار الثقافة للنشر والتوزيع ،2005
300 _a352ص
336 _atext
_btxt
_2rdacontent
337 _aunmediated
_bn
_2rdamedia
338 _avolume
_bnc
_2rdacarrier
650 4 _aتعديل -السلوك-السلوك الاجتماعي
_928531
999 _aA11077
_c14645
_d14645